Two Door Cinema Club: What You Know Lyrics - Statistics

General Stats
  • This quiz has been taken 35 times
  • The average score is 169 of 222
Answer Stats
AnswerAnd % Correct
Can
100%
I
100%
What
100%
You
100%
A
95%
Be
95%
Do
95%
Just
95%
To
95%
Want
95%
Alone
90%
Tell
90%
Don't
85%
The
85%
And
80%
It
80%
Know
80%
Time
80%
It's
75%
But
70%
Can't
70%
Few
70%
In
70%
Say
70%
Whole
70%
Will
70%
Yeah
70%
Get
65%
Known
65%
My
65%
Realise
65%
Right
65%
Weeks
65%
Why
65%
You've
65%
Before
60%
Eyes
60%
Have
55%
No
50%
Could
45%
I'll
45%
I'm
45%
Not
45%
Sweet
45%
There
45%
Year
45%
Beginning
40%
Maybe
40%
Next
40%
One
40%
Take
40%
Taste
40%
This
40%
Wouldn't
40%
About
35%
Am
35%
If
35%
Is
35%
Like
35%
Think
35%
Anything
30%
Attained
30%
Best
30%
Feel
30%
Test
30%
Try
30%
Address
25%
Fire
25%
Questions
25%
Remember
25%
Starting
25%
Leaving
20%
Stop
20%
No matching quizzes found
Score Distribution
Percent of People with Each Score
Percentile by Number Answered
Your Score History
You have not taken this quiz